Computational Materials System Design

This book provides state-of-the-art computational approaches for accelerating materials discovery, synthesis, and processing using thermodynamics and kinetics. The authors deliver an overview of current practical computational tools for materials design in the field. They describe ways to integrate...

Full description

Bibliographic Details
Corporate Author: SpringerLink (Online service)
Other Authors: Shin, Dongwon (Editor, http://id.loc.gov/vocabulary/relators/edt), Saal, James (Editor, http://id.loc.gov/vocabulary/relators/edt)
Format: Electronic eBook
Language:English
Published: Cham : Springer International Publishing : Imprint: Springer, 2018.
Edition:1st ed. 2018.
Subjects:
Online Access:Full Text via HEAL-Link
LEADER 03158nam a2200541 4500
001 978-3-319-68280-8
003 DE-He213
005 20191026152951.0
007 cr nn 008mamaa
008 171110s2018 gw | s |||| 0|eng d
020 |a 9783319682808  |9 978-3-319-68280-8 
024 7 |a 10.1007/978-3-319-68280-8  |2 doi 
040 |d GrThAP 
050 4 |a TA404.6 
072 7 |a TGMT  |2 bicssc 
072 7 |a TEC021000  |2 bisacsh 
072 7 |a TGMT  |2 thema 
082 0 4 |a 620.11  |2 23 
245 1 0 |a Computational Materials System Design  |h [electronic resource] /  |c edited by Dongwon Shin, James Saal. 
250 |a 1st ed. 2018. 
264 1 |a Cham :  |b Springer International Publishing :  |b Imprint: Springer,  |c 2018. 
300 |a VIII, 233 p. 88 illus., 67 illus. in color.  |b online resource. 
336 |a text  |b txt  |2 rdacontent 
337 |a computer  |b c  |2 rdamedia 
338 |a online resource  |b cr  |2 rdacarrier 
347 |a text file  |b PDF  |2 rda 
505 0 |a Chapter 1. Computational Materials Design, Chapter 2.Hierarchical Materials System Design, Chapter 3. Computational thermodynamics -- Chapter 4.High-Temperature Thermochemistry -- Chapter 5.HHigh-Throughput First-Principles Thermodynamics -- Chapter 6.Phase-Field Simulations -- Chapter 7.Diffusion Kinetics in Multicomponent System -- Chapter 8.Mechanical modeling -- Chapter 9.Solidifcation modeling for casting -- Chapter 10.Ab inito Molecular Dynamics -- chapter 11.Materials Database and Informatics -- Chapter 12. Functional Materials. . 
520 |a This book provides state-of-the-art computational approaches for accelerating materials discovery, synthesis, and processing using thermodynamics and kinetics. The authors deliver an overview of current practical computational tools for materials design in the field. They describe ways to integrate thermodynamics and kinetics and how the two can supplement each other. 
650 0 |a Materials science. 
650 0 |a Thermodynamics. 
650 0 |a Chemistry, Physical and theoretical. 
650 0 |a Heat engineering. 
650 0 |a Heat transfer. 
650 0 |a Mass transfer. 
650 1 4 |a Characterization and Evaluation of Materials.  |0 http://scigraph.springernature.com/things/product-market-codes/Z17000 
650 2 4 |a Thermodynamics.  |0 http://scigraph.springernature.com/things/product-market-codes/P21050 
650 2 4 |a Theoretical and Computational Chemistry.  |0 http://scigraph.springernature.com/things/product-market-codes/C25007 
650 2 4 |a Engineering Thermodynamics, Heat and Mass Transfer.  |0 http://scigraph.springernature.com/things/product-market-codes/T14000 
700 1 |a Shin, Dongwon.  |e editor.  |4 edt  |4 http://id.loc.gov/vocabulary/relators/edt 
700 1 |a Saal, James.  |e editor.  |4 edt  |4 http://id.loc.gov/vocabulary/relators/edt 
710 2 |a SpringerLink (Online service) 
773 0 |t Springer eBooks 
776 0 8 |i Printed edition:  |z 9783319682785 
776 0 8 |i Printed edition:  |z 9783319682792 
776 0 8 |i Printed edition:  |z 9783319885759 
856 4 0 |u https://doi.org/10.1007/978-3-319-68280-8  |z Full Text via HEAL-Link 
912 |a ZDB-2-CMS 
950 |a Chemistry and Materials Science (Springer-11644)